CIM-10-MC: Classificació internacional de malalties: 10a revisió: Modificació clínica (Registre núm. 68095)
[ vista simple ]
| 000 -LEADER | |
|---|---|
| campo de control de longitud fija | 00827amm a2200241 4500 |
| 008 - DATOS DE LONGITUD FIJA--INFORMACIÓN GENERAL | |
| campo de control de longitud fija | 220303s2022 cat |
| 041 ## - CÓDIGO DE IDIOMA | |
| Código de lengua del texto/banda sonora o título independiente | cat |
| 080 ## - NÚMERO DE LA CLASIFICACIÓN DECIMAL UNIVERSAL | |
| Número de la Clasificación Decimal Universal | 616(083.72) |
| 245 ## - MENCIÓN DEL TÍTULO | |
| Título | CIM-10-MC: Classificació internacional de malalties: 10a revisió: Modificació clínica |
| Medio | [en línia] |
| 250 ## - MENCION DE EDICION | |
| Mención de edición | 4a ed. |
| 260 ## - PUBLICACIÓN, DISTRIBUCIÓN, ETC. | |
| Lugar de publicación, distribución, etc. | Barcelona |
| Fecha de publicación, distribución, etc. | 2022 |
| Nombre del editor, distribuidor, etc. | Generalitat de Catalunya. Servei Català de la Salut |
| 500 ## - NOTA GENERAL | |
| Nota general | Índexs |
| 500 ## - NOTA GENERAL | |
| Publicació TERMCAT | termcat |
| 592 ## - Tipus obra | |
| Tipus d'obra | Obra especialitzada |
| 593 ## - Codi CGAT | |
| Codi de la CGAT | ER |
| 650 ## - PUNTO DE ACCESO ADICIONAL DE MATERIA--TÉRMINO DE MATERIA | |
| Término de materia o nombre geográfico como elemento de entrada | CIM-10 |
| 9 (RLIN) | 73626 |
| 650 ## - PUNTO DE ACCESO ADICIONAL DE MATERIA--TÉRMINO DE MATERIA | |
| Término de materia o nombre geográfico como elemento de entrada | documentació mèdica |
| 9 (RLIN) | 63948 |
| 856 ## - LOCALIZACIÓN Y ACCESO ELECTRÓNICOS | |
| Identificador Uniforme de Recursos | <a href="https://catsalut.gencat.cat/ca/proveidors-professionals/registres-catalegs/catalegs/diagnostics-procediments/cim-10-mc-scp">https://catsalut.gencat.cat/ca/proveidors-professionals/registres-catalegs/catalegs/diagnostics-procediments/cim-10-mc-scp</a> |
| 901 ## - ELEMENTOS DE DATOS A LOCAL LDA (RLIN) | |
| c | <2022> |
| 902 ## - ELEMENTOS DE DATOS B LOCAL, LDB (RLIN) | |
| a | 220303 |
| 942 ## - ELEMENTOS DE ENTRADA SECUNDARIOS (KOHA) | |
| Tipo de ítem Koha | Monografia |
| Fuente del sistema de clasificación o colocación | Clasificación Decimal Dewey |
| Suprimir en OPAC | No |
| Estatus retirado | Estado de pérdida | Fuente del sistema de clasificación o colocación | Estado de daño | No para préstamo | Biblioteca de origen | Biblioteca actual | Fecha de adquisición | Total de préstamos | Código de barras | Visto por última vez | Identificador Uniforme de Recursos | Precio de reemplazo | Tipo de ítem Koha |
|---|---|---|---|---|---|---|---|---|---|---|---|---|---|
| ddc | TERMCAT | TERMCAT | 03/03/2022 | P_68096 | 03/03/2022 | https://catsalut.gencat.cat/ca/proveidors-professionals/registres-catalegs/catalegs/diagnostics-procediments/cim-10-mc-scp | 03/03/2022 | MO |